Automation : Its impact on business and peaple

Đã lưu trong:
Sonraí Bibleagrafaíochta
Príomhúdar: Buckingham, Walter
Formáid: Leabhar
Teanga:Undetermined
Foilsithe: New York The New American 1963
Ábhair:
Clibeanna: Cuir Clib Leis
Gan Chlibeanna, Bí ar an gcéad duine leis an taifead seo a chlibeáil!
Thư viện lưu trữ: Trung tâm Học liệu Trường Đại học Cần Thơ
LEADER 00548nam a2200193Ia 4500
001 CTU_99064
008 210402s9999 xx 000 0 und d
082 |a 670.42 
082 |b B923 
100 |a Buckingham, Walter 
245 0 |a Automation : 
245 0 |b Its impact on business and peaple 
245 0 |c Walter Buckingham 
260 |a New York 
260 |b The New American 
260 |c 1963 
650 |a Production engineering,Automation,Production management 
904 |i Truc 
980 |a Trung tâm Học liệu Trường Đại học Cần Thơ